From the Indus to the Tigris; (Record no. 553334)
[ view plain ]
| 000 -LEADER | |
|---|---|
| fixed length control field | 00761cam a22001577 4500 |
| 082 ## - DEWEY DECIMAL CLASSIFICATION NUMBER | |
| Classification number | 915 |
| Author Mark | BEL |
| 100 1# - MAIN ENTRY--PERSONAL NAME | |
| Personal name | Bellew, H. W. |
| 9 (RLIN) | 50590 |
| 245 10 - TITLE STATEMENT | |
| Title | From the Indus to the Tigris; |
| Remainder of title | a narrative of a journey through the countries of Balochistan, Afghanistan, Khorassan and Iran, in 1872, together with a synoptical grammar and vocabulary of the Brahoe language, and a record of the meteorological observations and altitudes on the march from the Indus to the Tigris, |
| Statement of responsibility, etc. | by Henry Walter Bellew... |
| 260 ## - PUBLICATION, DISTRIBUTION, ETC. | |
| Place of publication, distribution, etc. | London, |
| Name of publisher, distributor, etc. | Trübner & co., |
| Date of publication, distribution, etc. | 1874. |
| 300 ## - PHYSICAL DESCRIPTION | |
| Extent | vii, 496 p. |
| Other physical details | illus. |
| Dimensions | 23 cm.. |
| 526 ## - STUDY PROGRAM INFORMATION NOTE | |
| Program name | 0 |
| Interest level | 0 |
| Reading level | 0 |
| Title point value | 915_000000000000000_BEL |
| 650 #0 - SUBJECT ADDED ENTRY--TOPICAL TERM | |
| Topical term or geographic name entry element | Brahui language. |
| 9 (RLIN) | 50591 |
| 650 #0 - SUBJECT ADDED ENTRY--TOPICAL TERM | |
| Topical term or geographic name entry element | MCE |
| 9 (RLIN) | 379 |
| 856 41 - ELECTRONIC LOCATION AND ACCESS | |
| Uniform Resource Identifier | <a href="http://hdl.loc.gov/loc.wdl/wdl.11793">http://hdl.loc.gov/loc.wdl/wdl.11793</a> |
| 942 ## - ADDED ENTRY ELEMENTS (KOHA) | |
| Source of classification or shelving scheme | |
| Koha item type | Book |
| Withdrawn status | Lost status | Source of classification or shelving scheme | Damaged status | Not for loan | Permanent Location | Current Location | Shelving location | Date acquired | Total Checkouts | Full call number | Barcode | Date last seen | Price effective from | Koha item type |
|---|---|---|---|---|---|---|---|---|---|---|---|---|---|---|
| Military College of Engineering (MCE) | Military College of Engineering (MCE) | 02/04/2015 | 915 BEL | MCE-ECI /58 | 02/04/2015 | 02/04/2015 | Book |
